MARC

LEADER 00000nam0a2200000 4500
001 355582
005 20231102010817.0
035 |a (RuTPU)RU\TPU\retro\12842 
090 |a 355582 
100 |a 20200709d1943 m y0rusy50 ca 
101 0 |a rus 
102 |a RU 
105 |a a j 001zy 
200 1 |a Устойчивость анизотропных пластинок  |e пособие для авиаконструкторов  |f С. Г. Лехницкий  |g под ред. Г. А. Вольперт 
210 |a Москва  |c Гостехиздат  |d 1943 
215 |a 80 с.  |c ил. 
300 |a Подписано к печати 26/XII 1942 г. 
320 |a Библиогр.: с. 79-80 
606 1 |a Пластины анизотропные  |x Устойчивость  |2 stltpush  |3 (RuTPU)RU\TPU\subj\49052  |9 67863 
610 1 |a коллекция: 1941-1945 гг. 
610 1 |a учебные пособия 
610 1 |a авиационные конструкции 
610 1 |a напряженные состояния 
610 1 |a изогнутые пластины 
610 1 |a дифференциальные уравнения 
610 1 |a жесткость 
610 1 |a многослойные пластины 
610 1 |a критические нагрузки 
610 1 |a сжатие 
610 1 |a ортотропные пластины 
610 1 |a пособия 
675 |a 539.3:531.3(07)  |v 4 
700 1 |a Лехницкий  |b С. Г. 
702 1 |a Вольперт  |b Г. А.  |4 340 
801 1 |a RU  |b 63413507  |c 20200709 
801 2 |a RU  |b 63413507  |c 20200715  |g RCR 
942 |c BK